| 000 | 00642nam a22001697a 4500 | ||
|---|---|---|---|
| 008 | 221103b |||||||| |||| 00| 0 eng d | ||
| 040 |
_aNational Science Library _cNational Science Library |
||
| 080 |
_a543.062:54.03/04+539.21(082.2) _bK9 |
||
| 245 |
_aQuantitative relation between properties and microstructure _c/ Proceedings of an International Conference, Haifa, Israel, July 27-Aug. 4, 1969 |
||
| 260 |
_aJerusalem: _bIsrael Universities Press, _c1969 |
||
| 300 | _axii, 548p. | ||
| 650 | _aMetals | ||
| 653 | _aMetals-effect of high temperatures on | ||
| 700 | _aBrandon, D G (Ed.) | ||
| 700 | _aRosen, A (Ed.) | ||
| 942 |
_2udc _cPR |
||
| 999 |
_c27614 _d27614 |
||